|
|
|
|
| LEADER |
01062nam a22002657a 4500 |
| 001 |
AAL8320 |
| 003 |
BD-DhAAL |
| 005 |
20160301121234.0 |
| 008 |
160301s 1994bg a|||| |||| 00| 0 ben d |
| 020 |
|
|
|a 9840735977
|
| 040 |
|
|
|a BD-DhAAL
|c BD-DhAAL
|
| 082 |
|
|
|a 306.4495492
|
| 245 |
|
|
|a একুশের প্রবন্ধ '৯৭ /
|c বাংলা একাডেমী
|
| 260 |
|
|
|a ঢাকা :
|b বাংলা একাডেমী,
|c ১৯৯৭
|
| 300 |
|
|
|a ১৮৯ পৃ. :
|b চিত্র ;
|c ২২ সে.মি.
|
| 541 |
|
|
|e 8320
|
| 650 |
|
|
|a Bengali language
|x Political aspects.
|9 18185
|
| 650 |
|
|
|a Bengali language movement.
|9 18186
|
| 650 |
|
|
|a Language policy
|z Bangladesh.
|9 18187
|
| 650 |
|
|
|a Language policy
|9 18188
|
| 710 |
|
|
|a বাংলা একাডেমী
|9 18267
|
| 852 |
|
|
|a Savar Campus Library
|c General Shelf
|
| 942 |
|
|
|2 ddc
|c BK
|
| 999 |
|
|
|c 36971
|d 36971
|
| 952 |
|
|
|0 0
|1 0
|2 ddc
|4 0
|6 306_449549200000000_EKU
|7 0
|9 58226
|a SCL
|b SCL
|c GEN
|d 2016-03-01
|g 18.00
|l 0
|o 306.4495492 EKU
|p 3020008320
|r 2016-03-01
|t 1
|w 2016-03-01
|y BK
|